Gradazioni di colore - Viola - Statistics

Statistiche generali
  • Questo quiz è stato fatto 38 volte
  • Il punteggio medio è 8 su 22
Statistiche sulle risposte
Colore Gradazione % Corretto
Viola Fucsia
88%
Viola Lilla
85%
Viola Rosa vivo
82%
Viola Violetto
76%
Viola Indaco
47%
Viola Indaco di Persia
47%
Viola Magenta
47%
Viola Malva
35%
Viola Pervinca
32%
Viola Glicine
29%
Viola Melanzana
29%
Viola Viola melanzana
29%
Viola Lavanda
24%
Viola Lavanda grigia
24%
Viola Lavanda rosa
24%
Viola Lavanda rosata
24%
Viola Ametista
15%
Viola Ciliegia
15%
Viola Orchidea
6%
Viola Eliotropo
3%
Viola Rosa Mountbatten
3%
Viola Sangria
3%
Nessun quiz corrispondente trovato
Distribuzione punteggi
Percentuale di utenti per punteggio
Percentile per numero di risposta
I tuoi punteggi nel tempo
Non hai fatto questo quiz